Culture Générale - Série 2317 - Statistiques

Statistiques générales
  • Ce quiz a été pris 168 fois
  • Le résultat moyen est 8 sur 10
Statistiques - réponses
Question Réponse % Correct
Quelle ville française est surnommée "La ville rose" ? Toulouse
97%
Combien y-a-t-il de décimètres dans 9 mètres ? 90
95%
En informatique, comment appelle-t-on un message électronique intempestif et indésirable ? spam
93%
Avec quel pays l'Allemagne a-t-elle la plus longue frontière terrestre ? Autriche
87%
Quelle planète du système solaire est la plus proche du soleil ? Mercure
83%
Quel pays a pour capitale Oulan-Bator ? Mongolie
83%
Qui a chanté "La femme chocolat" en 2008 ? prénom et nom Olivia Ruiz
69%
De quel groupe Jim Morrison était-il le chanteur ? voir photo The Doors
66%
Quel animal est à l'honneur dans le film "Jappeloup" réalisé par Christian Duguay en 2013 ? cheval
64%
Quel est le nom d'artiste de la chanteuse française Annie Chancel ? Sheila
50%
Aucun quiz correspondant
Distribution des résultats
% des personnes avec chaque résultat
Percentile par nombre de réponses
Votre historique - résultats
Vous n’avez pas pris ce quiz